000 01136ncm a2200325 c 4500
003 BLK
005 20240807005427.0
008 180414b bul |a|er|||| |0| c|bulo|
010 _aNOT00003812000
040 _aBLK
041 _aBUL
_cBUL
080 _aЦигулка, виолина, виола д'аморе
_b787.1
_x
_z787.1
100 _aБрамс, Йоханес
_d1833 - 1897
_9387452
700 1 _aЙоахим, Йозеф
_eобраб.
_9389252
139 _aБрамс, Йоханес
_bБ 76
245 1 0 _aУнгарски танци
_bЗа цигулка
_cЙоханес Брамс; обраб. Йозеф Йоахим.
254 _aКлавир
257 _aDEU
260 София
_bНаука и изкуство
_c1972
300 _a32 с.
_c31 см
_eЩим 14 с.
380 _a7
650 4 _aЦигулка - пиеси, сюити, рапсодии
_9353434
653 _aцигулка
852 _aЦб М ІІ 6025
_p0
856 4 _qpdf
_u
856 4 _qpdf
_u
942 _cNOT
_n0
944 _aCR
_c14.11.2016
_k
_lCRON CRON
944 _aED
_c14.11.2016
_kКамелия_Данева
999 _c320829
_d320829